MARC

LEADER 00000nam0a2200000 4500
001 291458
005 20251220071622.0
020 |a RU  |b 84-1117 
035 |a (RuTPU)RU\TPU\book\316027 
090 |a 291458 
100 |a 20150414d1983 m y0rusy5003 ca 
101 0 |a rus 
102 |a RU 
105 |a y j 001zy 
200 1 |a Новейшие тенденции в развитии производственного учета  |e курс лекций  |f С. А. Стуков  |g Калининский государственный университет 
210 |a Калинин  |c КГУ  |d 1983 
215 |a 48 с.  |d 20 см 
320 |a Библиография в ссылках 
606 1 |a Учет народнохозяйственный  |2 stltpush  |3 (RuTPU)RU\TPU\subj\63504  |9 80528 
610 1 |a производственный учет 
610 1 |a затраты 
610 1 |a расходы 
610 1 |a производственные ресурсы 
610 1 |a использование 
610 1 |a контроль 
610 1 |a лекции 
610 1 |a учебные пособия 
675 |a 657.22(075.8)  |z rus  |v 4 
700 1 |a Стуков  |b С. А.  |g Спартак Александрович  |4 070 
712 0 2 |7 ca  |8 rus  |a Калининский государственный университет  |c 1971-1990  |2 stltpush  |3 (RuTPU)RU\TPU\col\6821  |9 24273 
801 0 |a RU  |b RuMRKP  |c 19950704  |g psbo 
801 1 |a RU  |b 63413507  |c 20150414 
801 2 |a RU  |b 63413507  |c 20181225  |g RCR 
942 |c BK